000 02082nam a2200241Ia 4500
003 Ost
005 20260507075721.0
008 260507s9999||||xx |||||||||||||| ||und||
020 _a9789931748953
040 _cfsecg
041 _aara
082 _a332.26
100 _aحليس، عبد القادر
_eمؤلف
245 0 _aقضايا جمركية معاصرة في الألفية الثالثة /
_c عبد القادر حليس
260 _aالجزائر:
_bدار الباحث للنشر والاشهار,
_c2022
300 _a167 صفحة؛
_bإيضاحات ؛
_c24 سم
504 _aمراجع ص.162
520 _aالتحول الستراتيجي للعمل الجمركي، نشأة العمل الجمركي والأهداف الاستراتيجية للجمارك في القرن الواحد والعشرين، تسهيل التجارة الدولية ضمن أولويات العمل الجمركي،قياس الأداء الجمركي، الاطار النظري للأداء وقياسه، دراسة وتحليل قياس الأداء في الادارات الجمركية،تطوير العمل الجمركي وفق مقتضيات القرن الواحد والعشرين،تطوير الاطار التشريعي وادارة الموارد البشرية، تطبيق التكنولوجيا الحديثة والتنسيق مع الجهات الحكومية الأخرى، الوظائف الجمركية الحديثة،التقييم الجمركي والمراجعة المحاسبية اللاحقة، ادارة المخاطر الجمركية الاستعلام المسبق والافراج المسبق،التحول الرقمي في العمل الجمركي، مدخل للتحول الرقمي والجمارك الرقمية في ظل الأزمات أزمة كوفيد19- التطبيقات الحديثة في ادارة الجمارك وادارة الحدود.
653 _aادارة واقتصاد
653 _aالجمارك
700 _aأبو العلا، محمود محمد
_eمؤلف ثانوي
942 _cكتاب
999 _c45941
_d45941